<?xml version="1.0" encoding="UTF-8"?><collection xmlns="info:lc/xmlns/marcxchange-v2"><record format="Unimarc" type="bibliographic"><leader>00957cam  22002531  450 </leader><controlfield tag="001">2017791</controlfield><controlfield tag="003">http://id.bnportugal.gov.pt/bib/porbase/2017791</controlfield><controlfield tag="005">20030428163800.0</controlfield><datafield ind1=" " ind2=" " tag="010"><subfield code="a">0-13-212589-7</subfield></datafield><datafield ind1=" " ind2=" " tag="035"><subfield code="1">59371</subfield></datafield><datafield ind1=" " ind2=" " tag="095"><subfield code="a">PTBN00166052</subfield></datafield><datafield ind1=" " ind2=" " tag="100"><subfield code="a">19880726d1976    k  y0pory0103    ba</subfield></datafield><datafield ind1="0" ind2=" " tag="101"><subfield code="a">eng</subfield></datafield><datafield ind1=" " ind2=" " tag="102"><subfield code="a">US</subfield></datafield><datafield ind1="1" ind2=" " tag="200"><subfield code="a">Differential geometry of curves and surfaces</subfield><subfield code="f">Manfredo P. do Carmo</subfield></datafield><datafield ind1=" " ind2=" " tag="210"><subfield code="a">Englewood Cliffs</subfield><subfield code="c">Prentice-Hall</subfield><subfield code="d">cop. 1976</subfield></datafield><datafield ind1=" " ind2=" " tag="215"><subfield code="a">VIII, 503 p.</subfield><subfield code="c">il.</subfield><subfield code="d">24 cm</subfield></datafield><datafield ind1=" " ind2=" " tag="675"><subfield code="a">514.7</subfield><subfield code="v">BN</subfield><subfield code="z">por</subfield><subfield code="3">305057</subfield></datafield><datafield ind1=" " ind2="1" tag="700"><subfield code="a">Carmo</subfield><subfield code="b">Manfredo P. do</subfield><subfield code="3">258938</subfield></datafield><datafield ind1=" " ind2="0" tag="801"><subfield code="a">PT</subfield><subfield code="b">BN</subfield><subfield code="g">RPC</subfield></datafield><datafield ind1=" " ind2=" " tag="977"><subfield code="1">514.7 CAR*Dif</subfield><subfield code="2">coop</subfield><subfield code="4">UASD</subfield><subfield code="6">mq3297370</subfield><subfield code="7">bc</subfield><subfield code="8">coop</subfield><subfield code="9">UASD</subfield><subfield code="k">0</subfield></datafield><datafield ind1=" " ind2=" " tag="977"><subfield code="1">514.7 CAR*Dif 2</subfield><subfield code="2">coop</subfield><subfield code="4">UASD</subfield><subfield code="6">mq3297371</subfield><subfield code="7">bc</subfield><subfield code="8">coop</subfield><subfield code="9">UASD</subfield><subfield code="k">0</subfield></datafield><datafield ind1=" " ind2=" " tag="977"><subfield code="1">514.7 CAR*Dif 3</subfield><subfield code="2">coop</subfield><subfield code="4">UASD</subfield><subfield code="6">mq3297372</subfield><subfield code="7">bc</subfield><subfield code="8">coop</subfield><subfield code="9">UASD</subfield><subfield code="k">0</subfield></datafield><datafield ind1=" " ind2=" " tag="977"><subfield code="1">G. 9.7</subfield><subfield code="2">coop</subfield><subfield code="4">UCMA</subfield><subfield code="6">mq185484</subfield><subfield code="7">bc</subfield><subfield code="8">coop</subfield><subfield code="9">UCMA</subfield><subfield code="b">14335</subfield><subfield code="k">0</subfield></datafield><datafield ind1=" " ind2=" " tag="977"><subfield code="1">BGUM NE</subfield><subfield code="2">coop</subfield><subfield code="4">UMSD</subfield><subfield code="6">mq258668</subfield><subfield code="7">bc</subfield><subfield code="8">coop</subfield><subfield code="9">UMSD</subfield><subfield code="b">22876/CEN</subfield><subfield code="k">0</subfield></datafield><datafield ind1=" " ind2=" " tag="977"><subfield code="1">CAR 514.7 58001 MT</subfield><subfield code="2">coop</subfield><subfield code="4">UTADBG</subfield><subfield code="6">mq3115023</subfield><subfield code="7">bc</subfield><subfield code="8">coop</subfield><subfield code="9">UTADBG</subfield><subfield code="k">0</subfield></datafield></record></collection>